Guess the 1970s song lyrics #234 - Statistics

General Stats
  • This quiz has been taken 17 times
  • The average score is 93 of 164
Answer Stats
Answer % Correct
a
100%
I
100%
you
94%
and
88%
me
88%
is
81%
It
81%
it
81%
Love
81%
love
81%
when
81%
but
75%
it's
75%
Not
75%
not
75%
so
75%
I'm
69%
know
69%
To
69%
to
69%
just
63%
from
56%
isn't
56%
like
56%
of
56%
or
56%
really
56%
Some
56%
take
50%
Any
44%
even
44%
heart
44%
hurts
44%
make
44%
Ooh
44%
ooh
44%
Made
38%
They're
38%
thing
38%
think
38%
two
38%
lot
31%
pain
31%
true
31%
burns
25%
enough
25%
fool
25%
Holds
25%
hot
25%
learned
25%
strong
25%
young
25%
cloud
19%
flame
19%
fools
19%
guess
19%
happiness
19%
mars
19%
rain
19%
scars
19%
Togetherness
19%
wounds
19%
Blissfulness
13%
blue
13%
foolin
13%
lie
13%
themselves
13%
tough
13%
No matching quizzes found
Score Distribution
Percent of People with Each Score
Percentile by Number Answered
Your Score History
You have not taken this quiz